| 000 | 00412nam a2200133 4500 | ||
|---|---|---|---|
| 008 | b xx# fre u | ||
| 040 | _aLB-BrCRDP | ||
| 082 | 1 |
_a107 _bENS |
|
| 100 | 1 | _aCornu, Laurence | |
| 245 | 1 | 2 |
_aL'enseignement de la philosophie à la croisée des chemins _cLaurence Cornu, Chantal Demonque |
| 700 | 1 | _aDemonque, Chantal | |
| 942 | _cBK | ||
| 999 |
_c9795 _d9795 |
||